| 000 | 01306nam a22002177a 4500 | ||
|---|---|---|---|
| 999 |
_c1167 _d1167 |
||
| 005 | 20220804111734.0 | ||
| 008 | 220804b ||||| |||| 00| 0 eng d | ||
| 020 | _a9780008386245 | ||
| 040 | _cKH8 | ||
| 082 | _aFIC LAN | ||
| 100 |
_aLandy, Derek _eAuthor |
||
| 245 |
_aSeasons of war / _cDerek Landy |
||
| 260 |
_aLondon : _bHarperCollins Children's Books, _c[2020] ©2020. |
||
| 300 |
_a551 pages ; _c24 cm. |
||
| 440 |
_aSkulduggery Pleasant ; _nbk 13. |
||
| 520 | _aThe thirteenth thrilling novel in the internationally bestselling Skulduggery Pleasant series, SEASONS OF WAR will test the Skeleton Detective and Valkyrie like never before... War is coming. To avert catastrophe, Skulduggery and Valkyrie are sent on a secret mission that takes them away from everything they know, to a forsaken land of magic and grim, unrelenting terror. It is here that Valkyrie will have to fight the hardest - not only against the enemies who want her dead but also against her own self-destructive impulses. It's only by crawling through darkness that she'll be able to once again stand in the light... | ||
| 650 | _aPleasant, Skulduggery (Personnage fictif) -- Romans, nouvelles, etc. | ||
| 650 | _aMagie -- Romans, nouvelles, etc. | ||
| 650 | _aMagiciens -- Romans, nouvelles, etc. | ||
| 942 |
_2ddc _cFIC |
||